000 01210nam0a22002771 4500
001 rc\2809676
005 20230605115127.0
035 _a(NLR Aleph) 006935545
090 _a7592286
_c7592286
100 _a20110915d1936 |||y0rusy50 ca
101 0 _arus
102 _aRU
105 _ae z |||a|
200 1 _aМертвые души
_eПоэма
_fН. В. Гоголь
210 _aМосква
_cГослитиздат
_d1936
_g"Образцовая" тип.
215 _aПереплет, 451 с.
_d18х12 см.
300 _aТекст печатается в ред. К. Халабаева и Б. Эйхенбаума. Им же принадлежат прим. в конце тома. Прим. в тексте сост. Н. Ашукиным
700 1 _6a01
_aГоголь
_bН. В.
_f1809-1852
_gНиколай Васильевич
_3RU\NLR\AUTH\773480
_4070
_7ca
702 1 _aАшукин
_bН. С.
_gНиколай Сергеевич
_4212
702 1 _aХалабаев
_bК. И.
_f1886-1941
_gКонстантин Иванович
_3RU\NLR\AUTH\770234700
_4340
_4212
801 0 _aRU
_bNLR
_gpsbo
801 1 _aRU
_bELAR
_2rusmarc
852 _aNLR
_j36-2/626
942 _cBOOK
980 _aNB